Suurimad riigid A-Ü - Statistics

General Stats
  • This quiz has been taken 7 times
  • The average score is 8 of 24
Answer Stats
Täht Pindala (km²) Maa % Correct
B 8 515 767 Brasiilia
100%
H 9 596 961 Hiina
100%
K 9 984 670 Kanada
100%
V 17 098 246 Venemaa
100%
E 1 104 300 Etioopia
50%
I 3 287 263 India
50%
M 1 964 375 Mehhiko
50%
O 309 500 Omaan
50%
Ü 243 610 Ühendkuningriik
50%
U 603 550 Ukraina
50%
Z 390 757 Zimbabwe
50%
A 9 833 520 Ameerika Ühendriigid
0%
C 1 141 748 Colombia
0%
D 48 670 Dominikaani Vabariik
0%
F 300 000 Filipiinid
0%
G 267 668 Gabon
0%
J 527 968 Jeemen
0%
L 1 221 037 Lõuna-Aafrika Vabariik
0%
N 1 267 000 Niger
0%
P 1 285 216 Peruu
0%
R 447 425 Rootsi
0%
S 2 149 690 Saudi Araabia
0%
Š 41 291 Šveits
0%
T 1 284 000 Tšaad
0%
No matching quizzes found
Score Distribution
Percent of People with Each Score
Percentile by Number Answered
Your Score History
You have not taken this quiz